La mujer ante el hombre (Record no. 156360)
[ view plain ]
| 000 -LEADER | |
|---|---|
| campo de control de longitud fija | 00607nam a22001815i 4500 |
| 001 - NÚMERO DE CONTROL | |
| campo de control | 156360 |
| 003 - IDENTIFICADOR DE NÚMERO DE CONTROL | |
| campo de control | ES-MaACL |
| 005 - FECHA Y HORA DE LA ÚLTIMA TRANSACCIÓN | |
| campo de control | 20250807214605.0 |
| 008 - DATOS DE LONGITUD FIJA--INFORMACIÓN GENERAL | |
| campo de control de longitud fija | 040728s1882 sp |||| | spa d |
| 040 ## - FUENTE DE CATALOGACIÓN | |
| Centro catalogador/agencia de origen | CAM |
| Lengua de catalogación | spa |
| Centro/agencia transcriptor | CAM |
| 100 1# - ENTRADA PRINCIPAL--NOMBRE DE PERSONA | |
| Nombre de persona | Jimeno, Ambrosio. |
| 9 (RLIN) | 128310 |
| 245 13 - MENCIÓN DEL TÍTULO | |
| Título | La mujer ante el hombre |
| Resto del título | : estudio social / |
| Mención de responsabilidad, etc. | por Ambrosio Jimeno. |
| 260 ## - PUBLICACIÓN, DISTRIBUCIÓN, ETC. | |
| Lugar de publicación, distribución, etc. | Zaragoza : |
| Nombre del editor, distribuidor, etc. | [s.n.], |
| Fecha de publicación, distribución, etc. | 1882 ( |
| Fabricante | Establecimiento tipográfico de C. Ariño) |
| 300 ## - DESCRIPCIÓN FÍSICA | |
| Extensión | XXXII, 331 p. ; |
| Dimensiones | 19 cm. |
| 650 04 - PUNTO DE ACCESO ADICIONAL DE MATERIA--TÉRMINO DE MATERIA | |
| Término de materia o nombre geográfico como elemento de entrada | Mujeres- |
| Subdivisión cronológica | S.XIX |
| 9 (RLIN) | 15313 |
| 852 ## - LOCALIZACIÓN | |
| Ubicación | ES-MaACL |
| Número de control de estantería | G-7411 |
| Nota libre | -- Enc. pasta española |
| Estatus retirado | Estado de pérdida | Estado de daño | No para préstamo | Colección | Biblioteca de origen | Biblioteca actual | Ubicación en estantería | Fecha de adquisición | Fuente de adquisición | Total de préstamos | Signatura topográfica completa | Código de barras | Visto por última vez | Precio de reemplazo | Tipo de ítem Koha |
|---|---|---|---|---|---|---|---|---|---|---|---|---|---|---|---|
| Libros del s. XIX | Biblioteca del Ateneo de Madrid | Biblioteca del Ateneo de Madrid | Depósito 2 | 17/01/2008 | G-7411 | 1163585 | 23/02/2023 | 23/02/2023 | Libro impreso antiguo |
